000 00677nam a2200241 a 4500
001 0001-1237
003 ELIB.Books
008 150601 2010 eng
020 _a0310224713
035 _a(ELIB.Books)0001-1392
092 _a248.8
_bNol
100 _aNoland, Rory
245 _aThe Heart of the Artist:
_bA Character-Building Guide for You& Your Ministry Team
260 _aGrand Rapids
_bZondervan
_c1999
300 _a344
_c21.5 Cm
500 _aC/o Moe Tarmalar Paw
650 _aChristian Life
856 _nKBTS: Library
_uKBTS: Elib
942 _2ddc
_cBK
990 _a3
998 _cbat
_e2015-06-01
_mcat
_u2019-06-20
999 _c11237
_d11237